000 00796nam a2200193Ia 4500
999 _c64749
_d64749
003 GCL
005 20240530110748.0
008 140319s9999 xx 000 0 ara d
040 _aGCL /
_cGCL
082 0 4 _a623.73 \
_bح م
100 1 _aحسن الكمشوشى
245 1 0 _aالادلة والمكونات الميكروموجية والميكروكمبيوتر /
_cحسن الكمشوشى
260 _aبيروت :
_bدار الراتب الجامعية ،
_c1987
300 _a368 ص ؛
_c24 سم
490 _aموسوعة الاتصالات العسكرية الهوائيات وانتشار الموجات والميكروكومبيوتر
_v8
650 0 4 _aالحاسبات الالكترونية
650 0 4 _aهندسة الحاسبات الالكترونية
942 _2ddc
_cBK